Le seul canton suisse restant - Statistiques

Statistiques générales
  • Ce quiz a été pris 35 fois
  • Le résultat moyen est 20 sur 26
Statistiques - réponses
Le seul... Réponse % Correct
à avoir une ville de plus de 500'000 habitants Zurich
96%
à avoir l'italien comme langue officielle Grisons
93%
à être majoritairement situé au sud des Alpes Tessin
93%
à border le lac Léman Vaud
93%
à être multilingue Fribourg
89%
à être francophone Jura
89%
à avoir un sommet de plus de 4000m Valais
89%
à être situé entre les deux cantons précédents Argovie
85%
à border l'Aar Berne
85%
à avoir un point culminant inférieur à 600m Genève
85%
à arborer une croix suisse sur son drapeau Neuchâtel
85%
à border le Liechtenstein Saint-Gall
85%
à avoir une superficie inférieure à 100km² Bâle-Ville
81%
à avoir un drapeau bleu et blanc Lucerne
81%
à se situer au nord du Rhin Schaffhouse
81%
à avoir la moitié supérieure de son drapeau rouge Soleure
81%
à avoir un PIB par habitant supérieur à 100'000 CHF Zoug
78%
à border le canton de Zoug Schwytz
70%
à avoir du vert sur son drapeau Thurgovie
67%
à être historiquement un demi-canton Bâle-Campagne
63%
à ne pas avoir de frontière avec un autre pays Nidwald
59%
à être moins peuplé que le Liechtenstein Obwald
56%
à encore pratiquer la Landsgemeinde Glaris
48%
à faire plus de 1000km² Uri
48%
dont le nom est le même que son chef-lieu Appenzell Rhodes-Intérieures
44%
à arborer un animal sur son drapeau Appenzell Rhodes-Extérieures
41%
Aucun quiz correspondant
Distribution des résultats
% des personnes avec chaque résultat
Percentile par nombre de réponses
Votre historique - résultats
Vous n’avez pas pris ce quiz